[Event "Dutch Open 2010"]
[Site "Dieren NED"]
[Date "2010.08.02"]
[Round "6.19"]
[White "Vereggen, Lars"]
[Black "Rijnaarts, Sjef"]
[Result "1/2-1/2"]
[WhiteElo "1957"]
[BlackElo "2264"]
[PlyCount "173"]
[EventDate "2010.07.27"]
[EventType "swiss"]
[EventRounds "9"]
[EventCountry "NED"]
[Source "lmi"]
[SourceDate "2010.07.27"]

1. d4 d5 2. c4 c6 3. Nf3 Nf6 4. g3 Bf5 5. Nc3 e6 6. Bg2 Nbd7 7. Qb3 Qb6 8. c5
Qa6 9. Nh4 b6 10. Nxf5 exf5 11. cxb6 axb6 12. O-O g6 13. Bf4 Bg7 14. Bd6 Ne4
15. Nxe4 fxe4 16. e3 f5 17. Rfc1 Qb7 18. Bf1 Bf8 19. Bxf8 Rxf8 20. a4 Rf6 21.
Rc3 Ra7 22. Qc2 Qa8 23. b4 Ke7 24. b5 Rc7 25. Qb2 Kd8 26. Rc2 Qa5 27. Qb3 Nb8
28. Rac1 Kc8 29. bxc6 Rfxc6 30. Bb5 Rxc2 31. Rxc2 Qa8 32. Rxc7+ Kxc7 33. Kf1
Kd6 34. Qa3+ Ke6 35. Qf8 Qb7 36. Ke2 Nc6 37. h4 Ne7 38. Qg7 Qc8 39. Kd2 h5 40.
Qe5+ Kf7 41. Qd6 Qb7 42. Bd7 Ng8 43. Be6+ Kg7 44. Bxg8 Qa6 45. Qxd5 Qd3+ 46.
Kc1 Qc3+ 47. Kb1 Qe1+ 48. Kb2 Qxf2+ 49. Kb3 Qxe3+ 50. Kb4 Qd2+ 51. Kb3 Qd3+ 52.
Ka2 Qc2+ 53. Ka3 Qc1+ 54. Kb3 Qb1+ 55. Ka3 Qc1+ 56. Kb4 Qd2+ 57. Kb5 Qa5+ 58.
Kc4 Qxa4+ 59. Kc3 Qa3+ 60. Kc2 Qd3+ 61. Kb2 Qd2+ 62. Ka3 Qc3+ 63. Ka4 Qa1+ 64.
Kb3 Qb1+ 65. Kc3 Qc1+ 66. Kb3 Qb1+ 67. Kc4 Qf1+ 68. Kc3 Qc1+ 69. Kb4 Qe1+ 70.
Ka3 Qxg3+ 71. Kb4 Qxh4 72. Qf7+ Kh6 73. Qf8+ Kg5 74. Qd8+ Kg4 75. Qxb6 Qe1+ 76.
Kc5 g5 77. Qb2 e3 78. Bc4 h4 79. d5 h3 80. d6 Qd2 81. Qxd2 exd2 82. Be2+ Kg3
83. d7 Kf2 84. Bd1 h2 85. d8=Q h1=Q 86. Qxd2+ Kg1 87. Qxg5+ 1/2-1/2

[Event "Dutch Open 2010"]
[Site "Dieren NED"]
[Date "2010.08.02"]
[Round "6.20"]
[White "Akrawi, Samir"]
[Black "Merza, Morris"]
[Result "0-1"]
[WhiteElo "2247"]
[BlackElo "2063"]
[PlyCount "124"]
[EventDate "2010.07.27"]
[EventType "swiss"]
[EventRounds "9"]
[EventCountry "NED"]
[Source "lmi"]
[SourceDate "2010.07.27"]

1. d4 d5 2. c4 c6 3. Nc3 Nf6 4. Nf3 dxc4 5. a4 Bf5 6. e3 e6 7. Bxc4 Bb4 8. O-O
O-O 9. Qe2 Bg6 10. Ne5 Nbd7 11. Nxg6 hxg6 12. Rd1 Qa5 13. Bd2 e5 14. Be1 exd4
15. Rxd4 Rad8 16. Bb3 Nc5 17. Ba2 Rxd4 18. exd4 Na6 19. Qd3 Qf5 20. Qxf5 gxf5
21. f3 Rd8 22. Rd1 Nc7 23. Bh4 Be7 24. Re1 Kf8 25. Bf2 Nfd5 26. Rd1 Bf6 27. Kf1
g6 28. Bb3 Rd7 29. g3 Ke8 30. h4 f4 31. gxf4 Nxf4 32. Ne4 Be7 33. Re1 Kd8 34.
Ng5 Bxg5 35. hxg5 Nd3 36. Rd1 Nxf2 37. Kxf2 Nd5 38. Rh1 Ke7 39. Rh8 Kd6 40. Rf8
a6 41. Kg3 Ke7 42. Rb8 Ne3 43. a5 Nf5+ 44. Kg4 Rxd4+ 45. Kh3 Nd6 46. Bc2 Rd2
47. Be4 Kd7 48. b3 Rb2 49. Bxg6 fxg6 50. Rg8 Rxb3 51. Kg4 Nf7 52. f4 Ke7 53.
Rxg6 c5 54. Rg8 Nd6 55. Rg7+ Kf8 56. Rd7 Ne8 57. Rd8 Rb1 58. Rc8 Rc1 59. g6
Rg1+ 60. Kf5 c4 61. Ke4 Rxg6 62. Ke5 Rc6 0-1

[Event "Dutch Open 2010"]
[Site "Dieren NED"]
[Date "2010.08.02"]
[Round "6.21"]
[White "Kahleys, Kevin"]
[Black "Kabos, Tobias"]
[Result "0-1"]
[WhiteElo "2071"]
[BlackElo "2214"]
[PlyCount "94"]
[EventDate "2010.07.27"]
[EventType "swiss"]
[EventRounds "9"]
[EventCountry "NED"]
[Source "lmi"]
[SourceDate "2010.07.27"]

1. d4 Nf6 2. c4 g6 3. Nf3 Bg7 4. g3 O-O 5. Bg2 d6 6. O-O Nc6 7. d5 Na5 8. Nbd2
c5 9. Qc2 b5 10. e4 Nxc4 11. Nxc4 bxc4 12. Nd2 Rb8 13. Re1 Ng4 14. Nxc4 Bd4 15.
Re2 Ba6 16. Rb1 Bxc4 17. Qxc4 Qa5 18. Bd2 Ne5 19. Qc1 Qxa2 20. Bh6 Nd3 21. Qd1
Nxf2 22. Rxf2 Rxb2 23. Rbxb2 Qxb2 24. Qf3 Qa1+ 25. Bf1 Bxf2+ 26. Kxf2 Rb8 27.
Qg4 Qd4+ 28. Be3 Qf6+ 29. Kg2 a5 30. Bg5 Rb2+ 31. Be2 Rxe2+ 32. Qxe2 Qxg5 33.
Qb5 Qe5 34. Qa4 Kg7 35. Qxa5 Qxe4+ 36. Kh3 Qf5+ 37. Kg2 Qxd5+ 38. Kh3 Qe5 39.
g4 c4 40. Qd8 c3 41. g5 c2 42. Qc7 Qf5+ 43. Kg3 Qxg5+ 44. Kh3 Qe3+ 45. Kh4 c1=Q
46. Qxc1 Qxc1 47. h3 Qf4# 0-1

[Event "Dutch Open 2010"]
[Site "Dieren NED"]
[Date "2010.08.02"]
[Round "6.22"]
[White "Vermeulen, Wesley"]
[Black "Von Meijenfeldt, Bart"]
[Result "0-1"]
[WhiteElo "2173"]
[BlackElo "2034"]
[PlyCount "68"]
[EventDate "2010.07.27"]
[EventType "swiss"]
[EventRounds "9"]
[EventCountry "NED"]
[Source "lmi"]
[SourceDate "2010.07.27"]

1. e4 c5 2. Nf3 d6 3. d4 cxd4 4. Nxd4 Nf6 5. Nc3 a6 6. Bg5 e6 7. f4 Qc7 8. Qf3
b5 9. Bxf6 gxf6 10. a3 Bb7 11. O-O-O Nd7 12. Qh5 Nc5 13. f5 O-O-O 14. fxe6 fxe6
15. Qh3 Qg7 16. Kb1 Qh6 17. Qf3 f5 18. b4 Nxe4 19. Nxe4 Bxe4 20. Qc3+ Kb7 21.
Nxf5 exf5 22. Qxh8 Rc8 23. Qd4 Bxc2+ 24. Ka2 Bxd1 25. Qxd1 Qe6+ 26. Kb1 Rc3 27.
Bd3 Rb3+ 28. Kc2 Rxa3 29. Qf3+ Kb8 30. Rb1 Ra2+ 31. Kd1 Bh6 32. Bc2 Qc4 33. Qf2
Rxc2 34. Qb6+ Kc8 0-1

[Event "Dutch Open 2010"]
[Site "Dieren NED"]
[Date "2010.08.02"]
[Round "6.23"]
[White "Timmermans, Mark"]
[Black "Shalnev, Nikolai"]
[Result "1/2-1/2"]
[WhiteElo "2169"]
[BlackElo "2436"]
[PlyCount "30"]
[EventDate "2010.07.27"]
[EventType "swiss"]
[EventRounds "9"]
[EventCountry "NED"]
[Source "lmi"]
[SourceDate "2010.07.27"]

1. e4 c5 2. Nf3 d6 3. d4 cxd4 4. Nxd4 Nf6 5. Nc3 a6 6. Be3 e5 7. Nb3 Be6 8. Qd2
Be7 9. f3 Nbd7 10. O-O-O b5 11. g4 h6 12. h4 Nb6 13. Qf2 Rb8 14. Nc5 Bc8 15.
Nd3 Qc7 1/2-1/2

[Event "Dutch Open 2010"]
[Site "Dieren NED"]
[Date "2010.08.02"]
[Round "6.24"]
[White "Kartsev, Alexandr"]
[Black "Afek, Yochanan"]
[Result "1-0"]
[WhiteElo "2145"]
[BlackElo "2310"]
[PlyCount "69"]
[EventDate "2010.07.27"]
[EventType "swiss"]
[EventRounds "9"]
[EventCountry "NED"]
[Source "lmi"]
[SourceDate "2010.07.27"]

1. e4 c5 2. Nf3 Nc6 3. c3 e6 4. d4 d5 5. exd5 exd5 6. Bb5 Bd6 7. O-O Nge7 8.
dxc5 Bxc5 9. Nbd2 O-O 10. Nb3 Bb6 11. Re1 Bg4 12. Be3 Bxe3 13. Rxe3 Nf5 14. Rd3
Qb6 15. Rxd5 Nce7 16. Rc5 Rad8 17. Qe2 Nd5 18. Qe4 Nf6 19. Qf4 Nd6 20. Nfd4 h6
21. Re1 Nxb5 22. Rxb5 Qa6 23. h3 Bc8 24. Ra5 Qd3 25. Qf3 Qg6 26. Rxa7 Rfe8 27.
Rc1 Ne4 28. Ra5 b6 29. Ra7 Re5 30. Kh2 Rh5 31. Re1 Ng5 32. Qc6 f6 33. Ree7 Qd3
34. Rxg7+ Kh8 35. Rxg5 1-0

[Event "Dutch Open 2010"]
[Site "Dieren NED"]
[Date "2010.08.02"]
[Round "6.25"]
[White "Sprangers, Remco"]
[Black "Gruenhagen, Marc"]
[Result "1-0"]
[WhiteElo "2260"]
[BlackElo "2133"]
[PlyCount "47"]
[EventDate "2010.07.27"]
[EventType "swiss"]
[EventRounds "9"]
[EventCountry "NED"]
[Source "lmi"]
[SourceDate "2010.07.27"]

1. e4 c5 2. Nf3 e6 3. d4 cxd4 4. Nxd4 a6 5. Nc3 b5 6. Bd3 Qb6 7. Nf3 Nc6 8. O-O
Qb8 9. Ng5 Nf6 10. f4 Bc5+ 11. Kh1 d6 12. Qf3 Bb7 13. Qg3 h5 14. Nxe6 fxe6 15.
Qxg7 Rf8 16. e5 Nd7 17. Ne4 Ne7 18. f5 Rg8 19. Qh7 exf5 20. Bg5 Rxg5 21. Nxg5
Nxe5 22. Bxf5 Nxf5 23. Rxf5 Bd5 24. Raf1 1-0

[Event "Dutch Open 2010"]
[Site "Dieren NED"]
[Date "2010.08.03"]
[Round "7.1"]
[White "Pruijssers, Roeland"]
[Black "Fargere, Francois"]
[Result "0-1"]
[WhiteElo "2462"]
[BlackElo "2478"]
[PlyCount "76"]
[EventDate "2010.07.27"]
[EventType "swiss"]
[EventRounds "9"]
[EventCountry "NED"]
[Source "lmi"]
[SourceDate "2010.07.27"]

1. e4 c5 2. Nf3 d6 3. d4 cxd4 4. Nxd4 Nf6 5. Nc3 a6 6. Be3 e5 7. Nb3 Be6 8. Qd2
Nbd7 9. f3 h5 10. a4 Be7 11. a5 O-O 12. Be2 Qc7 13. O-O Rac8 14. Kh1 h4 15.
Rfd1 Rfd8 16. Nc1 h3 17. g3 Nc5 18. Nd5 Nxd5 19. exd5 Bf5 20. b4 Nd7 21. c4 Re8
22. g4 Bg6 23. Nb3 Nf6 24. Rg1 Ne4 25. Qe1 Qd8 26. Bb6 Qd7 27. Nd2 Nxd2 28.
Qxd2 e4 29. Rac1 Bf6 30. Bd4 Bxd4 31. Qxd4 exf3 32. Bxf3 Qa4 33. Qc3 Re4 34. c5
Rxb4 35. Qd2 Rb3 36. cxd6 Rxc1 37. Rxc1 Rxf3 38. Qe1 Rf1+ 0-1

[Event "Dutch Open 2010"]
[Site "Dieren NED"]
[Date "2010.08.03"]
[Round "7.2"]
[White "Ernst, Sipke"]
[Black "Moradiabadi, Elshan"]
[Result "1/2-1/2"]
[WhiteElo "2583"]
[BlackElo "2571"]
[PlyCount "90"]
[EventDate "2010.07.27"]
[EventType "swiss"]
[EventRounds "9"]
[EventCountry "NED"]
[Source "lmi"]
[SourceDate "2010.07.27"]

1. d4 Nf6 2. c4 e6 3. Nc3 Bb4 4. Qc2 O-O 5. a3 Bxc3+ 6. Qxc3 d6 7. Bg5 Nc6 8.
Nf3 h6 9. Bh4 g5 10. Bg3 e5 11. d5 Ne7 12. Nd2 Nh5 13. f3 f5 14. Bf2 Nf6 15. e3
a5 16. b3 Bd7 17. Be2 Rf7 18. h3 Qf8 19. Qc2 Qg7 20. O-O-O Rff8 21. Nb1 Ng6 22.
Nc3 Rae8 23. c5 e4 24. h4 g4 25. f4 dxc5 26. d6 Be6 27. Nb5 Nd5 28. dxc7 g3 29.
Bxg3 Nxe3 30. Qb2 Nxd1 31. Rxd1 Ne7 32. Qxg7+ Kxg7 33. Be1 Nc8 34. Kc2 b6 35.
Bc3+ Kg8 36. Be5 Kh7 37. Bh5 Re7 38. Rd8 Rg8 39. g3 Rd7 40. Be8 Rd3 41. h5
Rdxg3 42. Bd7 Rg2+ 43. Kb1 Rg1+ 44. Ka2 R1g2+ 45. Ka1 Rg1+ 1/2-1/2

[Event "Dutch Open 2010"]
[Site "Dieren NED"]
[Date "2010.08.03"]
[Round "7.3"]
[White "L'Ami, Erwin"]
[Black "Ikonnikov, Vyacheslav"]
[Result "1/2-1/2"]
[WhiteElo "2620"]
[BlackElo "2578"]
[PlyCount "129"]
[EventDate "2010.07.27"]
[EventType "swiss"]
[EventRounds "9"]
[EventCountry "NED"]
[Source "lmi"]
[SourceDate "2010.07.27"]

1. d4 Nf6 2. c4 e6 3. Nf3 Bb4+ 4. Bd2 Qe7 5. g3 Nc6 6. Nc3 O-O 7. Bg2 d6 8. d5
Nd8 9. dxe6 Nxe6 10. Qc2 a5 11. O-O c6 12. Rad1 Re8 13. b3 Nc5 14. Bc1 a4 15.
Nd4 axb3 16. axb3 Nfe4 17. Na2 Rxa2 18. Qxa2 Nc3 19. Qc2 Nxd1 20. Rxd1 Ne4 21.
Bb2 h6 22. e3 Bd7 23. Ra1 Bc5 24. Qd3 f5 25. Nc2 Bb6 26. Bd4 Bxd4 27. Nxd4 c5
28. Nb5 Bxb5 29. cxb5 Qe5 30. Rd1 Re6 31. b6 Kh7 32. h4 h5 33. Qd5 Qxd5 34.
Rxd5 g6 35. b4 cxb4 36. Rb5 Kg7 37. Rxb4 Kf6 38. Bf1 d5 39. Bd3 Rc6 40. Kg2 Nd6
41. Kf3 Nc4 42. Bxc4 Rxc4 43. Rb2 Ke5 44. Rb1 Kd6 45. Ra1 Rb4 46. Ra8 Rxb6 47.
Kf4 Rc6 48. Rd8+ Kc5 49. Ke5 b5 50. Rxd5+ Kc4 51. Rd1 b4 52. Rc1+ Kb5 53. Rb1
Ka4 54. f3 b3 55. e4 fxe4 56. fxe4 Ka3 57. Kd5 Rc3 58. e5 Rxg3 59. e6 g5 60.
Ra1+ Kb4 61. Re1 gxh4 62. e7 Rg8 63. e8=Q Rxe8 64. Rxe8 b2 65. Re1 1/2-1/2

[Event "Dutch Open 2010"]
[Site "Dieren NED"]
[Date "2010.08.03"]
[Round "7.4"]
[White "Iotov, Valentin"]
[Black "Milov, Leonid"]
[Result "1-0"]
[WhiteElo "2581"]
[BlackElo "2562"]
[PlyCount "141"]
[EventDate "2010.07.27"]
[EventType "swiss"]
[EventRounds "9"]
[EventCountry "NED"]
[Source "lmi"]
[SourceDate "2010.07.27"]

1. d4 d5 2. Nf3 Nf6 3. c4 c6 4. Nc3 dxc4 5. a4 Bf5 6. Nh4 Bg6 7. Nxg6 hxg6 8.
e4 e5 9. Bxc4 exd4 10. e5 Nd5 11. Qxd4 Bb4 12. O-O Bxc3 13. bxc3 Qh4 14. h3
Qxd4 15. cxd4 Na6 16. Bxd5 cxd5 17. Ba3 Nc7 18. Rab1 b6 19. a5 Kd7 20. Rfc1
Rhc8 21. Rc3 Ne6 22. Rf3 Ke8 23. axb6 axb6 24. Rxb6 Rcb8 25. Rxe6+ fxe6 26. Bc5
Ra1+ 27. Kh2 Rb7 28. Rf8+ Kd7 29. Rg8 Kc6 30. Re8 Ra6 31. Rxe6+ Kb5 32. Re8 Rc6
33. Kg3 Kc4 34. e6 Rb2 35. e7 Re2 36. Kf3 Re4 37. Rd8 Rf6+ 38. Kg3 Rfe6 39. f3
Re2 40. Rc8 Kd3 41. Rc7 Rc2 42. Rd7 Kc4 43. h4 Rce2 44. Ra7 Rc6 45. Ra4+ Kc3
46. Ra2 Ree6 47. Ra3+ Kc4 48. Ra4+ Kc3 49. Ra7 Re2 50. e8=Q Rxe8 51. Rxg7 Re2
52. Kh3 Kc4 53. g3 Ree6 54. Ba7 Ra6 55. Kg4 Rxa7 56. Rxa7 Kxd4 57. f4 Ke3 58.
f5 Rd6 59. h5 gxh5+ 60. Kxh5 d4 61. g4 Kf4 62. Ra4 Ke5 63. Ra5+ Kf4 64. g5 Rd8
65. f6 d3 66. f7 d2 67. Ra1 Kf5 68. Rf1+ Ke6 69. g6 Rf8 70. g7 Rxf7 71. g8=Q
1-0

[Event "Dutch Open 2010"]
[Site "Dieren NED"]
[Date "2010.08.03"]
[Round "7.5"]
[White "Mekhitarian, Krikor Sevag"]
[Black "Van Delft, Merijn"]
[Result "1-0"]
[WhiteElo "2511"]
[BlackElo "2364"]
[PlyCount "81"]
[EventDate "2010.07.27"]
[EventType "swiss"]
[EventRounds "9"]
[EventCountry "NED"]
[Source "lmi"]
[SourceDate "2010.07.27"]

1. e4 c6 2. d4 d5 3. e5 Bf5 4. Nf3 e6 5. Be2 c5 6. Be3 Qb6 7. Nc3 Qxb2 8. Qb1
Qxb1+ 9. Rxb1 c4 10. Rxb7 Nc6 11. Kd1 Nge7 12. Nh4 O-O-O 13. Rb1 Bg6 14. g4 Ng8
15. f4 Be7 16. Nxg6 hxg6 17. Bf3 Bb4 18. Ne2 Ba3 19. c3 Nge7 20. h4 Kc7 21. Bc1
Bxc1 22. Kxc1 Rh7 23. Ng3 Rdh8 24. h5 gxh5 25. gxh5 g6 26. Kd2 gxh5 27. Nxh5
Rb8 28. Rxb8 Kxb8 29. Rg1 Kc7 30. Rg5 Nb8 31. Bg4 Nd7 32. f5 exf5 33. Bxf5 Nxf5
34. Rxf5 Kd8 35. a4 a5 36. Nf4 Nb6 37. Rf6 Nxa4 38. Nxd5 Rh2+ 39. Ke3 Rh3+ 40.
Ke4 Rh4+ 41. Kf5 1-0

[Event "Dutch Open 2010"]
[Site "Dieren NED"]
[Date "2010.08.03"]
[Round "7.6"]
[White "Zoler, Dan"]
[Black "Heemskerk, Wim"]
[Result "1-0"]
[WhiteElo "2474"]
[BlackElo "2249"]
[PlyCount "75"]
[EventDate "2010.07.27"]
[EventType "swiss"]
[EventRounds "9"]
[EventCountry "NED"]
[Source "lmi"]
[SourceDate "2010.07.27"]

1. d4 e6 2. c4 Nf6 3. Nf3 b6 4. g3 Ba6 5. b3 Bb7 6. Bg2 Bb4+ 7. Bd2 a5 8. O-O
O-O 9. Qc2 d6 10. Nc3 Nbd7 11. Rfe1 Bxc3 12. Bxc3 Be4 13. Qb2 Qb8 14. Bf1 c5
15. Nd2 Bc6 16. Bh3 cxd4 17. Bxd4 Re8 18. Rac1 e5 19. Be3 Nc5 20. a3 h6 21.
Red1 Ne6 22. Nb1 Ng5 23. Bf1 d5 24. cxd5 Bxd5 25. Nc3 Bc6 26. Na4 Bxa4 27. bxa4
Re6 28. Bg2 e4 29. h4 Ngh7 30. Rc4 Qe8 31. Bh3 Rc6 32. Bd7 Nxd7 33. Rxc6 Nc5
34. Qxb6 Nxa4 35. Qc7 Nf8 36. Rd4 Ne6 37. Rxe6 fxe6 38. Rd7 1-0

[Event "Dutch Open 2010"]
[Site "Dieren NED"]
[Date "2010.08.03"]
[Round "7.7"]
[White "De Jong, Migchiel"]
[Black "Pedersen, Nicolai Vesterba"]
[Result "1-0"]
[WhiteElo "2358"]
[BlackElo "2461"]
[PlyCount "67"]
[EventDate "2010.07.27"]
[EventType "swiss"]
[EventRounds "9"]
[EventCountry "NED"]
[Source "lmi"]
[SourceDate "2010.07.27"]

1. e4 e5 2. Nf3 Nc6 3. Bb5 a6 4. Ba4 Nf6 5. O-O Be7 6. Re1 b5 7. Bb3 d6 8. c3
O-O 9. a4 Bg4 10. d3 Na5 11. Ba2 b4 12. Nbd2 c5 13. h3 Bd7 14. Nc4 Nxc4 15.
Bxc4 a5 16. d4 Qc7 17. dxe5 dxe5 18. Bg5 Rad8 19. Qb3 Bc6 20. cxb4 axb4 21.
Bxf6 Bxf6 22. a5 Ra8 23. a6 Qb6 24. g4 h6 25. h4 Qd8 26. g5 hxg5 27. hxg5 Bxg5
28. Nxe5 Be8 29. Ng6 Bd2 30. Red1 Qg5+ 31. Qg3 Bb5 32. Rxd2 Qxg3+ 33. fxg3 Bxc4
34. Ne7+ 1-0

[Event "Dutch Open 2010"]
[Site "Dieren NED"]
[Date "2010.08.03"]
[Round "7.8"]
[White "Rietveld, Renze"]
[Black "Siebrecht, Sebastian"]
[Result "1/2-1/2"]
[WhiteElo "2238"]
[BlackElo "2417"]
[PlyCount "167"]
[EventDate "2010.07.27"]
[EventType "swiss"]
[EventRounds "9"]
[EventCountry "NED"]
[Source "lmi"]
[SourceDate "2010.07.27"]

1. e4 g6 2. d4 Bg7 3. Nc3 d6 4. Nge2 Nf6 5. g3 O-O 6. Bg2 Nbd7 7. h3 e5 8. O-O
c6 9. a4 Re8 10. d5 c5 11. Nb5 Nb8 12. Na3 Rf8 13. Bg5 h6 14. Be3 Ne8 15. Qd2
Kh7 16. Nc4 Nd7 17. Nc3 Nb6 18. Na3 Bd7 19. a5 Nc8 20. Nc4 Rb8 21. f4 exf4 22.
gxf4 b5 23. axb6 axb6 24. e5 Ne7 25. Ra7 Nf5 26. Bf2 Nc7 27. Re1 Nb5 28. Nxb5
Bxb5 29. Ne3 Nh4 30. e6 fxe6 31. dxe6 Rxf4 32. Ng4 Nxg2 33. Kxg2 Qg5 34. Qxd6
Rd8 35. Qe5 Bc6+ 36. Kg1 Qxe5 37. Nxe5 Be8 38. Nd3 Rf5 39. b4 Rg5+ 40. Kh2 c4
41. Bxb6 Rdd5 42. Nf4 Rd2+ 43. Re2 Rd1 44. Rc7 Rf5 45. Kg3 g5 46. Ng2 Kg6 47.
Rc8 Ba4 48. Rc5 Rdd5 49. Rxd5 Rxd5 50. Bc7 c3 51. e7 Kf7 52. Ne3 Rd2 53. Re1
Bd4 54. Ng4 h5 55. Nh6+ Ke8 56. Re6 Bd7 57. Rg6 Bf2+ 58. Kf3 Kxe7 59. Rxg5 Bc6+
60. Kf4 Rd4+ 61. Kf5 Be4+ 62. Ke5 Rd5+ 63. Kxe4 Rxg5 64. Bd8+ Kxd8 65. Nf7+ Kc7
66. Nxg5 Kb6 67. Kd3 Kb5 68. Ne4 Be1 69. Nxc3+ Kxb4 70. Ne4 Kb5 71. Nf6 h4 72.
c4+ Kc6 73. Ne4 Ba5 74. Kd4 Bd8 75. Ke5 Bc7+ 76. Kf5 Bd8 77. Kg4 Be7 78. Ng5
Kc5 79. Kxh4 Kxc4 80. Kh5 Kd5 81. Kg6 Ke5 82. h4 Kf4 83. Ne6+ Ke5 84. Ng5
1/2-1/2

[Event "Dutch Open 2010"]
[Site "Dieren NED"]
[Date "2010.08.03"]
[Round "7.9"]
[White "Diepeveen, Vincent"]
[Black "Haub, Thorsten Michael"]
[Result "0-1"]
[WhiteElo "2294"]
[BlackElo "2518"]
[PlyCount "136"]
[EventDate "2010.07.27"]
[EventType "swiss"]
[EventRounds "9"]
[EventCountry "NED"]
[Source "lmi"]
[SourceDate "2010.07.27"]

1. e4 g6 2. d4 Bg7 3. Nc3 d6 4. f4 a6 5. Nf3 e6 6. Be3 Ne7 7. Qd2 b5 8. Bd3 f5
9. a4 b4 10. Ne2 a5 11. h4 h5 12. Ng5 d5 13. e5 Qd7 14. Nc1 Ng8 15. Nb3 Bf8 16.
O-O Nh6 17. Rfc1 Ba6 18. Qe2 Be7 19. Bb5 c6 20. Bxa6 Rxa6 21. c3 Nf7 22. Nf3
O-O 23. Ne1 bxc3 24. Rxc3 Qb7 25. Nd3 Nd7 26. Bf2 Rb8 27. Be1 Nh6 28. Qc2 Ng4
29. Rc1 Ne3 30. Qe2 Nc4 31. Nd2 Nxd2 32. Qxd2 Bb4 33. Nxb4 axb4 34. Rg3 Kh7 35.
b3 Ra5 36. Bf2 Rc8 37. Rc5 Nxc5 38. dxc5 d4 39. Qxd4 Raa8 40. Qd6 Re8 41. Rd3
Rad8 42. Qxd8 Rxd8 43. Rxd8 Qa6 44. Rd7+ Kh6 45. Rd2 Kg7 46. Be3 Kf7 47. Kf2
Qb7 48. g3 Ke8 49. Rd4 Qa7 50. Rd6 Ke7 51. Rd4 Ke8 52. Rxb4 Qa5 53. Rc4 Ke7 54.
Ke2 Ke8 55. Bf2 Qd8 56. Rd4 Qa5 57. Kd3 Ke7 58. Rc4 Qd8+ 59. Rd4 Qa5 60. Be3
Qe1 61. Bd2 Qxg3+ 62. Kc2 Qxh4 63. a5 Qf2 64. Rc4 Kd7 65. a6 Kc8 66. Kd3 h4 67.
Rd4 h3 68. Ba5 Qxd4+ 0-1

[Event "Dutch Open 2010"]
[Site "Dieren NED"]
[Date "2010.08.03"]
[Round "7.10"]
[White "Brandenburg, Daan"]
[Black "Hendrikx, Niels"]
[Result "1-0"]
[WhiteElo "2514"]
[BlackElo "2108"]
[PlyCount "69"]
[EventDate "2010.07.27"]
[EventType "swiss"]
[EventRounds "9"]
[EventCountry "NED"]
[Source "lmi"]
[SourceDate "2010.07.27"]

1. e4 e6 2. d4 d5 3. Nd2 Nf6 4. e5 Nfd7 5. c3 c5 6. Bd3 Nc6 7. Ne2 cxd4 8. cxd4
f6 9. exf6 Nxf6 10. O-O Bd6 11. Nf3 Qc7 12. Bg5 O-O 13. Rc1 h6 14. Bd2 Ng4 15.
Ng3 Qb6 16. Bc3 Bd7 17. a3 Bf4 18. Rb1 e5 19. dxe5 Ngxe5 20. Be2 Be6 21. Nh5
Nxf3+ 22. Bxf3 d4 23. Bxc6 dxc3 24. Bd5 Bxh2+ 25. Kh1 Be5 26. bxc3 Qd6 27.
Bxe6+ Qxe6 28. f4 Bxc3 29. Rxb7 Rf7 30. Rxf7 Qxf7 31. Qf3 Re8 32. Ng3 Bd4 33.
Qg4 Rf8 34. Rd1 Qxf4 35. Rxd4 1-0

[Event "Dutch Open 2010"]
[Site "Dieren NED"]
[Date "2010.08.03"]
[Round "7.11"]
[White "Swinkels, Robin"]
[Black "Kollen, Zyon"]
[Result "1-0"]
[WhiteElo "2483"]
[BlackElo "2002"]
[PlyCount "87"]
[EventDate "2010.07.27"]
[EventType "swiss"]
[EventRounds "9"]
[EventCountry "NED"]
[Source "lmi"]
[SourceDate "2010.07.27"]

1. e4 e6 2. d4 d5 3. Nc3 Bb4 4. e5 c5 5. Bd2 cxd4 6. Nb5 Bc5 7. Qg4 Kf8 8. Nxd4
Nc6 9. Ngf3 Qb6 10. Bc3 Bb4 11. Bd3 Nxd4 12. Qxd4 Qxd4 13. Nxd4 Bxc3+ 14. bxc3
Ne7 15. f4 Bd7 16. Rb1 b6 17. Kd2 Nc6 18. Rhf1 Ke7 19. Nxc6+ Bxc6 20. f5 g6 21.
f6+ Kd7 22. Rf4 Kc7 23. g3 a5 24. Ke3 Bb7 25. c4 Bc6 26. cxd5 Bxd5 27. c4 Bc6
28. c5 Rab8 29. cxb6+ Rxb6 30. Rc1 Kb7 31. Rc5 a4 32. Rfc4 Rd8 33. Rxc6 Rxd3+
34. Kxd3 Rxc6 35. Rxa4 Rc5 36. Ke4 Rc2 37. h3 g5 38. h4 Re2+ 39. Kd4 Rg2 40.
hxg5 Rxg3 41. Kc5 Rd3 42. Rd4 Rc3+ 43. Kd6 Rc7 44. Ra4 1-0

[Event "Dutch Open 2010"]
[Site "Dieren NED"]
[Date "2010.08.03"]
[Round "7.12"]
[White "Kabos, Tobias"]
[Black "Miedema, David"]
[Result "0-1"]
[WhiteElo "2214"]
[BlackElo "2414"]
[PlyCount "92"]
[EventDate "2010.07.27"]
[EventType "swiss"]
[EventRounds "9"]
[EventCountry "NED"]
[Source "lmi"]
[SourceDate "2010.07.27"]

1. e4 e5 2. Nf3 Nf6 3. Nxe5 d6 4. Nf3 Nxe4 5. d4 d5 6. Bd3 Bd6 7. O-O O-O 8. c4
c6 9. Re1 Re8 10. Nc3 Nxc3 11. Rxe8+ Qxe8 12. bxc3 Bg4 13. Be3 h6 14. Rb1 dxc4
15. Bxc4 b5 16. Be2 a6 17. h3 Be6 18. Qc2 Nd7 19. c4 Nf6 20. a4 bxc4 21. Bxc4
Nd5 22. Bd2 a5 23. Re1 Qd8 24. Ne5 Qb6 25. Nf3 Qc7 26. Rc1 Rb8 27. Rb1 Rd8 28.
Re1 Bb4 29. Re5 Qd6 30. Bc1 Rb8 31. Bd2 Bxd2 32. Nxd2 Qa3 33. Nf3 Rb2 34. Qe4
Qd6 35. Bxd5 cxd5 36. Qe1 Rb4 37. Qd1 Qc6 38. Kh2 Qxa4 39. Qe2 Qc6 40. Re3 a4
41. Qd2 Qd6+ 42. Kg1 Rb1+ 43. Ne1 Bf5 44. Qa2 Qb4 45. Kf1 Bd3+ 46. Qe2 Qxe1#
0-1

[Event "Dutch Open 2010"]
[Site "Dieren NED"]
[Date "2010.08.03"]
[Round "7.13"]
[White "Merza, Morris"]
[Black "Michalczak, Thomas"]
[Result "1/2-1/2"]
[WhiteElo "2063"]
[BlackElo "2367"]
[PlyCount "47"]
[EventDate "2010.07.27"]
[EventType "swiss"]
[EventRounds "9"]
[EventCountry "NED"]
[Source "lmi"]
[SourceDate "2010.07.27"]

1. e4 c5 2. c3 Nf6 3. e5 Nd5 4. d4 cxd4 5. Nf3 Nc6 6. cxd4 d6 7. Bc4 Nb6 8. Bb3
dxe5 9. dxe5 Qxd1+ 10. Bxd1 Bg4 11. h3 Bh5 12. g4 Bg6 13. e6 fxe6 14. Nc3 e5
15. O-O e6 16. Bb3 Bc5 17. Be3 Bxe3 18. fxe3 Ke7 19. Ng5 Na5 20. Bc2 Bxc2 21.
Rf7+ Kd6 22. Rc1 h6 23. Nge4+ Bxe4 24. Nb5+ 1/2-1/2

[Event "Dutch Open 2010"]
[Site "Dieren NED"]
[Date "2010.08.03"]
[Round "7.14"]
[White "Zelbel, Patrick"]
[Black "Stjazhkina, Olga"]
[Result "1-0"]
[WhiteElo "2345"]
[BlackElo "2273"]
[PlyCount "59"]
[EventDate "2010.07.27"]
[EventType "swiss"]
[EventRounds "9"]
[EventCountry "NED"]
[Source "lmi"]
[SourceDate "2010.07.27"]

1. e4 d5 2. exd5 Qxd5 3. Nc3 Qd6 4. d4 Nf6 5. Nf3 g6 6. g3 Bg7 7. Bg2 Qa6 8.
Bf4 c6 9. Ne2 O-O 10. O-O Nd5 11. Bd2 Nd7 12. b3 b5 13. Nf4 N7f6 14. Nd3 Ne4
15. Nfe5 Nxd2 16. Qxd2 Bxe5 17. Nxe5 Bb7 18. a4 Nf6 19. Qb4 c5 20. Qxb5 Qxb5
21. axb5 Bxg2 22. Kxg2 cxd4 23. Nc6 Nd5 24. Nxd4 Nc3 25. Rfe1 Rfe8 26. Re5 Kf8
27. Rc5 Rec8 28. Rxa7 Ne4 29. Rxc8+ Rxc8 30. b6 1-0

[Event "Dutch Open 2010"]
[Site "Dieren NED"]
[Date "2010.08.03"]
[Round "7.15"]
[White "Von Meijenfeldt, Bart"]
[Black "Visser, Yge"]
[Result "0-1"]
[WhiteElo "2034"]
[BlackElo "2469"]
[PlyCount "110"]
[EventDate "2010.07.27"]
[EventType "swiss"]
[EventRounds "9"]
[EventCountry "NED"]
[Source "lmi"]
[SourceDate "2010.07.27"]

1. e4 e6 2. d4 d5 3. Nc3 Nf6 4. e5 Ne4 5. Nxe4 dxe4 6. Be3 Nd7 7. Qg4 c5 8.
dxc5 Nxc5 9. Bb5+ Nd7 10. Ne2 Qa5+ 11. Nc3 a6 12. Bxd7+ Bxd7 13. O-O Bc6 14.
Bd4 O-O-O 15. Rad1 Rxd4 16. Rxd4 Qxe5 17. Rfd1 Bc5 18. Rxe4 Bxe4 19. Qxe4 Bd6
20. g3 f5 21. Qe2 Qxe2 22. Nxe2 Be5 23. b3 g5 24. f4 Bf6 25. Rd6 Re8 26. fxg5
Kc7 27. Rd3 Bxg5 28. Kf2 h5 29. Nf4 h4 30. Ng2 Rh8 31. Kf3 hxg3 32. hxg3 Kc6
33. Kf2 Rh1 34. Ne1 Bf6 35. c4 Kc5 36. Nf3 b5 37. cxb5 axb5 38. Rd2 e5 39. Kg2
Ra1 40. Rf2 Kd5 41. Rd2+ Ke6 42. Re2 Rd1 43. Rd2 Rb1 44. Re2 e4 45. Ne1 Bc3 46.
Nd3 Kd5 47. Nf4+ Ke5 48. Rc2 Kd4 49. Ne2+ Kd3 50. Rxc3+ Kxe2 51. Rc5 e3 52. Rd5
b4 53. Rd4 Ra1 54. g4 fxg4 55. Rxb4 Kd3 0-1